00374nam a22001457a 450000500170000000800410001702000180005804100080007608200090008410000440009324500300013726000290016730000080019665000240020420160823162927.0160521b xxu||||| |||| 00| 0 eng d a0-07-463996-X aeng b3642 aS. Sativaharan A. Vallathraj C Gneamiga aDigital Signal Processing bTata Mc Graw Hillsc2003 a801 aDIPLOMA ENGINEERING